Conferencias y excursiones infantiles. (Record no. 166543)

MARC details
000 -LEADER
campo de control de longitud fija 00831nam a22002055i 4500
001 - NÚMERO DE CONTROL
campo de control 166543
003 - IDENTIFICADOR DE NÚMERO DE CONTROL
campo de control ES-MaACL
005 - FECHA Y HORA DE LA ÚLTIMA TRANSACCIÓN
campo de control 20250828062537.0
008 - DATOS DE LONGITUD FIJA--INFORMACIÓN GENERAL
campo de control de longitud fija 050914s1889 sp | |||||||| ||spa d
040 ## - FUENTE DE CATALOGACIÓN
Centro catalogador/agencia de origen CAM
Lengua de catalogación spa
Centro/agencia transcriptor CAM
100 1# - ENTRADA PRINCIPAL--NOMBRE DE PERSONA
Nombre de persona Torres y García, Román.
9 (RLIN) 133334
245 10 - MENCIÓN DEL TÍTULO
Título Conferencias y excursiones infantiles.
Número de parte o sección de la obra Primera parte,
Nombre de parte o sección de la obra Religión y moral /
Mención de responsabilidad, etc. por Román Torres y García.
250 ## - MENCION DE EDICION
Mención de edición 2ª ed.
260 ## - PUBLICACIÓN, DISTRIBUCIÓN, ETC.
Lugar de publicación, distribución, etc. Zaragoza :
Nombre del editor, distribuidor, etc. Imprenta y librería de José Bedera,
Fecha de publicación, distribución, etc. 1889.
300 ## - DESCRIPCIÓN FÍSICA
Extensión 179, [2] p. ;
Dimensiones 16 cm.
595 ## -
-- Según Palau sólo se reeditó la primera parte, por este motivo aparece a veces esta primera parte de 1889 junto con la segunda de 1886.
650 #7 - PUNTO DE ACCESO ADICIONAL DE MATERIA--TÉRMINO DE MATERIA
Término de materia o nombre geográfico como elemento de entrada Educación
Fuente del encabezamiento o término embne
9 (RLIN) 12073
852 ## - LOCALIZACIÓN
Ubicación ES-MaACL
Número de control de estantería G-10156
Nota libre -- Enc. cart.
-- .- Donat. Ministerio de Fomento
Holdings
Estatus retirado Estado de pérdida Estado de daño No para préstamo Colección Biblioteca de origen Biblioteca actual Ubicación en estantería Fecha de adquisición Fuente de adquisición Total de préstamos Signatura topográfica completa Código de barras Visto por última vez Precio de reemplazo Tipo de ítem Koha
        Libros del s. XIX Biblioteca del Ateneo de Madrid Biblioteca del Ateneo de Madrid Sala Pecera Planta 3 17/01/2008     G-10156 1174673 23/02/2023 23/02/2023 Libro impreso antiguo